000 00437nam a2200169Ia 4500
005 20140405081429.0
008 140130s9999 xx 000 0 und d
050 _aPZ 7
_b.Sc41267Go 1992
245 _cScieszka, Jon
_aThe time warp trio: the good,the bad and the goofy
260 _bScholastic,
_c1992
300 _a70 p. :
_bill. ;
_c19 cm.
440 _v1
521 _aG4
526 _c620
942 _cBK
_2lcc
999 _c40803
_d40803